Connectivity and city revival (Record no. 78049)

MARC details
000 -LEADER
fixed length control field 00628cab a2200193 4500
001 - CONTROL NUMBER
control field L135865
008 - FIXED-LENGTH DATA ELEMENTS--GENERAL INFORMATION
fixed length control field 061213n2006 000 0 eng u
035 ## - SYSTEM CONTROL NUMBER
System control number (Sirsi) u135865
041 0# - LANGUAGE CODE
Language code of text/sound track or separate title eng
100 1# - MAIN ENTRY--PERSONAL NAME
Personal name Taylor, Peter.
245 00 - TITLE STATEMENT
Title Connectivity and city revival
260 ## - PUBLICATION, DISTRIBUTION, ETC.
Date of publication, distribution, etc. 2006
490 #0 - SERIES STATEMENT
Series statement Town & Country Planning
Volume/sequential designation 75(11) November 2006, 309-314(6)
520 ## - SUMMARY, ETC.
Summary, etc. Provides evidence on how UK provincial cities are faring in the first five years of the 21st century within a dynamic world city network. Tables.
590 ## - LOCAL NOTE (RLIN)
Local note KA
690 ## - LOCAL SUBJECT ADDED ENTRY--TOPICAL TERM (OCLC, RLIN)
Topical term or geographic name as entry element MANAGEMENT-BUSINESS MANAGEMENT
700 1# - ADDED ENTRY--PERSONAL NAME
Personal name Aranya, Rolee
942 ## - ADDED ENTRY ELEMENTS (KOHA)
Suppress in OPAC 0
Holdings
Withdrawn status Lost status Source of classification or shelving scheme Damaged status Not for loan Home library Current library Shelving location Date acquired Total Checkouts Full call number Barcode Date last seen Copy number Price effective from Koha item type
    Dewey Decimal Classification     London London Journal article 13/12/2006   L135865 135865-1001 06/08/2019 1 06/08/2019 Journal article